000 00511nam a2200205 a 4500
001 BRCA_4850
005 20190320204830.0
008 131010s1959----mx-#######---#000-0#spa-#
041 _aspa
044 _amx
050 4 _aJF1355
_b.C58 1959
245 1 0 _aClub de Abogados de México A.C.
260 _aMéxico
_c1959
300 _a28 p.
_c19 cm.
500 _aEstado físico: Cubierta desprendida
500 _aCFG89
650 1 4 _aAbogados
_xDirectorios
_zMéxico
_912283
902 _aGFM
942 _2lcc
_cB
999 _c4544
_d4544